| 000 | 00588nam a2200193Ia 4500 | ||
|---|---|---|---|
| 003 | OSt | ||
| 005 | 20260602161346.0 | ||
| 008 | 210210b1996 xxu||||| |||| 00| 0 eng d | ||
| 040 | _cAL | ||
| 041 | _aKannada | ||
| 082 | _a954.023K RAMM | ||
| 100 |
_aRAMALINGAPPA (H). _dರಾಮಲಿಂಗಪ್ಪ (ಹೆಚ್ ) _9265033 |
||
| 245 |
_aMadyakalina bharatha (1206 rinda 1707 ra varege). _bಮದ್ಯಕಾಲೀನ ಭಾರತ |
||
| 260 |
_aBengaluru. _bKala Prakashana., _c1996 |
||
| 300 | _a584,vi | ||
| 690 |
_aIndian History _9265034 |
||
| 906 | _a054008 | ||
| 942 |
_2ddc _cBK |
||
| 999 |
_c102261 _d102261 |
||